000 00634nam a2200229 a 4500
001 74943
003 BD-RjUL
005 20211209082626.0
008 170424s1957 enka 001 0 eng d
035 _a(BD-RjUL)75161
040 _aBD-RjUL
_beng
_cBD-RjUL
_dBD-RjUL
041 _aeng
082 _223
_a551.6
_bKEC 1937
100 1 _aKendrew, W. G.
_q(Wilfrid George)
_9210190
245 1 4 _aClimatology /
_cby W.G.Kendrew.
250 _a2nd ed.
260 _aLondon :
_bOxford ,
_c1957.
300 _axv, 400 p. :
_bill. ;
_c22 cm.
504 _aIncludes bibliography and index.
650 0 _aClimatology.
_9210191
942 _2ddc
_cBK
999 _c74943
_d74943